000 00354nam a2200121Ia 4500
008 220901s9999||||xx |||||||||||||| ||und||
082 _a530 BAN
100 _aBanerjee, Narayan and et.al.
245 0 _aIndian journal of physics
250 _aVol. 82 Issue. 7 & 8
260 _bIndian Association for the cultivation of science
_c2008
650 _aPhysics
999 _c193996
_d193996